Statistics for Asian Countries By Pictures

Click here to take the quiz!

General Stats

  • This quiz has been taken 264 times
  • The average score is 10 of 18

Answer Stats

Answer% Correct
India
99%
China
71%
Turkey
69%
Vietnam
67%
Malaysia
63%
Israel
62%
Japan
61%
South Korea
59%
United Arab Emirates
58%
Myanmar
52%
Saudi Arabia
51%
Pakistan
49%
Taiwan
49%
North Korea
46%
Indonesia
39%
Turkmenistan
39%
Iran
37%
Nepal
32%

Score Distribution

Percentile by Number Answered

Percent of People with Each Score

Your Score History

You have not taken this quiz